Wide-aperture CO2 lasers pumped with an electron-beam-controlled discharge; Russian Physics Journal; Vol. 43, № 5

Dades bibliogràfiques
Parent link:Russian Physics Journal
Vol. 43, № 5.— 2000.— P. 345-351
Altres autors: Bychkov Yu. I., Kovalchuk B. M., Kuzmin G. P., Mesyats G. A. Gennady Andreyevich, Tarasenko V. F.
Sumari:В фонде НТБ ТПУ отсутствует
Idioma:anglès
Publicat: 2000
Matèries:
Format: MixedMaterials Capítol de llibre
KOHA link:https://koha.lib.tpu.ru/cgi-bin/koha/opac-detail.pl?biblionumber=596724

MARC

LEADER 00000naa0a2200000 4500
001 596724
005 20250122133431.0
035 |a (RuTPU)RU\TPU\tpu\19731 
090 |a 596724 
100 |a 20110815d2000 k||y0rusy50 ba 
101 1 |a eng 
102 |a RU 
200 1 |a Wide-aperture CO2 lasers pumped with an electron-beam-controlled discharge  |f Yu. I. Bychkov [et al.] 
333 |a В фонде НТБ ТПУ отсутствует 
461 |t Russian Physics Journal 
463 |t Vol. 43, № 5  |v P. 345-351  |d 2000 
610 1 |a труды учёных ТПУ 
701 1 |a Bychkov  |b Yu. I. 
701 1 |a Kovalchuk  |b B. M. 
701 1 |a Kuzmin  |b G. P. 
701 1 |a Mesyats  |b G. A.  |c russian physicist  |c academican, vice-president of RAS  |c graduate of Tomsk Polytechnic Institute  |f 1936-  |g Gennady Andreyevich  |3 (RuTPU)RU\TPU\pers\28088  |4 070 
701 1 |a Tarasenko  |b V. F. 
801 1 |a RU  |b 63413507  |c 20110815 
942 |c CR